MDQL
is popping MORE tags! Check the
thread
!
Quizzes
Events
Quiz Creation
Community
Videos
Private Events
Remove Ads
Sign In
Join for FREE
Feedback
Dark Mode
Quiz Categories
Sports
Geography
Music
Movies
Television
Just For Fun
Miscellaneous
History
Literature
Language
Science
Gaming
Entertainment
Religion
Holiday
For Kids
Quiz Lab
Recent
Popular Today
Quiz Kudos Today
Editor Picks
Curator Picks
Quizzes by...
Day
Popularity
Type
Ratings
Length
Year
Community
Subscriptions
Recent Discussions
Orange Saloon
Badges
Playlists
Quests
Create
Leaderboards
Showdown
Live 5
Trivia Bingo
Activity
Puzzle Library
Sporcle Events
Private Events
Virtual Trivia
Globe League
Become a Host
Pub Owners
SporcleCon
Opinionation
Our Games
Videos
Blog
Mobile Apps
Partnerships
Remove Ads and Go Orange
Feedback
Sports
Athletes
MLB
NBA
NHL
NFL
Soccer
Sports Teams
WWE
NCAA
Football
Premier League
Basketball
Baseball
Hockey
Golf
Tennis
Cricket
Rugby
Auto Racing
Olympics
World Cup
Sports
Athletes
MLB
NBA
NHL
NFL
Soccer
Sports Teams
WWE
NCAA
Football
Premier League
Basketball
Baseball
Hockey
Golf
Tennis
Cricket
Rugby
Auto Racing
Olympics
World Cup
Random Quiz
Search Sporcle
×
Quiz Lab
Quiz Lab
Sports
NBA
Type in answers that appear in a list
Type in answers that appear in a list
Classic
Best Score? Go Orange.
Top-Scoring White NBA Players Stats
Name the highest-scoring white players in NBA history.
By
Vexillologer
10m
40 Questions
64 Plays
64 Plays
64 Plays
Comments
Comments
Give Quiz Kudos
Give Quiz Kudos
-
- Ratings
hide this ad
Forced Order
Answers have to be entered in order
Answers have to be entered in order
Replay
Link that replays current quiz
Next Quiz
Link to next quiz in quiz playlist
You Got
0%
They Got
Avg Score
34%
Avg Friend Score
Upgrade to see
Score Distribution
Jump to the score distribution portion of the page
Score
0/40
Timer
10:00
0
Plays Today
Points
Player
% Correct
31,187
Dirk
89.1%
21,791
Larry
76.6%
26,395
John
70.3%
25,192
Jerry
68.8%
20,880
Bob
60.9%
16,960
Bob
54.7%
19,711
John
51.6%
18,395
Rick
50%
17,387
Steve
50%
17,335
Kevin
48.4%
20,776
Pau
45.3%
20,049
Tom
39.1%
15,948
Pete
39.1%
17,287
Jack
37.5%
14,053
Jerry
35.9%
13,790
Bill
35.9%
17,911
Chris
34.4%
14,053
Dave
34.4%
18,438
Dolph
32.8%
15,840
Jack
32.8%
Points
Player
% Correct
15,659
Jeff
29.7%
13,516
Dave
29.7%
15,980
Kiki
28.1%
19,181
Gail
26.6%
16,266
Paul
26.6%
15,761
Detlef
26.6%
13,398
Vlade
23.4%
14,659
Dan
21.9%
13,647
Peja
20.3%
13,383
Rudy
20.3%
12,871
Rik
20.3%
14,676
Richie
17.2%
17,770
Bailey
15.6%
13,626
Billy
15.6%
14,043
Manu
14.1%
15,079
Dick Van
12.5%
14,232
Tom Van
12.5%
13,447
Cliff
10.9%
13,017
Jeff
10.9%
13,910
Alvan
9.4%
Quiz Playlist
Details
Report
Send in Message
Add To Playlist
Classic:
Type in answers that appear in a list
Forced Order:
Answers have to be entered in order
Last Updated: Dec 3, 2018
Quiz Scoreboard
CHALLENGE
Sign Up to Join the Scoreboard
Show All
Scores
Hide
Comments
May contain spoilers
Recently Published
Find the 'City' Movie
by crazypaving
Movies
60s
5x2 Blitz: Bands
by SL_Kpop136
Music
30s
Colored Red Africa Blitz
by spor1
Geography
30s
More to Explore
Quiz From the Vault
Featured Blog Post
14 Easter Pick-up Lines to Find Eggs With
hide this ad
You Might Also Like...
Tags
NBA Quiz
Player
point
White
Today's Top Quizzes in Sports
Browse Sports
hide this ad
Today's Top Quizzes in NBA
Browse NBA
Top Contributed Quizzes in Sports
1
Players with Multiple 50 Home Run Seasons
2
Who Needs Fielders?
3
Criteria MLB: Left Handed Sluggers
4
MLB Players with Two .350 Batting Average Seasons
5
Who Hit More Homers?
6
2020 F1 Drivers Logic Puzzle
7
NBA Teammate Connections
8
Premier League Clubs since 2000 (minefield)
9
MLB Teams by First Game
10
Top 10 NHL Goal Scorers of All Time
Explore More
Trending Topics
Harry Potter
Anime
NBA
Disney
Crossword
Kpop
Marvel
WWE
NFL
Puzzle
Country
Pokémon
Soccer
The Office
Song
hide this ad
More By:
Vexillologer
Quiz
Plays
Rating
Category
Featured
Created
Northernmost Major Cities Quiz
3,580
4.95
Geography
Sep 22, 2019
Biggest Great Lake Cities
3,338
4.71
Geography
Aug 28, 2019
Animal Anatomy Quiz
1,718
4.67
Science
Jan 2, 2020
Biggest Cities by Language Quiz
1,716
4.32
Geography
Mar 29, 2020
Movies with Animals in the Title
1,529
4.71
Movies
Feb 10, 2019
Go to Creator's Profile
Score Distribution
Quiz Creator Spotlight
Vexillologer
Follow
Send a Message
Quizzes Created
-
Created Quiz Play Count
-
More By This Creator
Popular Quizzes Today
1
5x2 Blitz: Bands
2
Find the 'City' Movie
3
Colored Red Africa Blitz
4
Find the US States - No Outlines Minefield
5
The Countries of the World
6
Find the US States
7
9x9 Crossword: Cartoon Network
8
US States
More Sports Quizzes
2021 MLB All-Stars
Editor's Pick
Trending Quizzes
Colored Red Africa Blitz II
Colored Red Europe Blitz I
Christmas Pick: Judaism
Colored Red Africa Blitz III
Colored Red Europe Blitz II
Recently Updated
Champions League XIs: Real Madrid
pecheneg
Largest US Cities 1790-2010
pecheneg
Rides in Walt Disney World
pecheneg
Most Oscar Losses (Acting)
pecheneg
Beyoncé Albums
pecheneg
Leaping Animals
pecheneg
Reality TV Shows (A-Z)
bhenderson79
Rickey Henderson's Hall of Fame Teammates
pecheneg
Champions League XIs: Arsenal
pecheneg
Quick Pick: Celebrities in WWE's Hall of Fame
aduchscher
Trending Topics
Crossword
Marvel
Harry Potter
NBA
Disney
Anime
Kpop
Country
Soccer
Song
The Office
NFL
Puzzle
WWE
Pokémon
Your Account Isn't Verified!
In order to create a playlist on Sporcle, you need to verify the email address you used during registration. Go to your
Sporcle Settings
to finish the process.
Report this User
Report this user for behavior that violates our
Community Guidelines
.
Details:
Send Report
Go to the Sporcle.com Mobile Site →
Comments